| 000 | 00864nam a2200241 a 4500 | ||
|---|---|---|---|
| 001 | BRL_63 | ||
| 005 | 20190320210555.0 | ||
| 008 | 161012s1953----mx-a######---#000-0#spa-u | ||
| 041 | _aspa | ||
| 044 | _amx | ||
| 050 | 4 |
_aPC4111 _b.G37 1953 |
|
| 100 | 1 |
_aGarza de del Castillo, Ofelia _922772 |
|
| 245 | 1 | 0 |
_aGuía de estudio de la lengua española _bpara uso de los alumnos de las escuelas de segunda enseñanza : primer año _ceditores Ofelia Garza Nuncio de del Castillo y José Salustio del Castillo Hernández. |
| 250 | _a10 | ||
| 260 |
_aMéxico _bPorrúa _c1953 |
||
| 300 |
_axvi, 224 p. _bil. _c18 cm. |
||
| 500 | _aEstado físico: encuadernado, enero 2013 | ||
| 500 | _aAu100 | ||
| 650 | 1 | 4 |
_aIdioma español _vGuías _xComposición y ejercicios _922773 |
| 700 | 1 |
_aCastillo Hernández, José Salustio del _eed. _922805 |
|
| 902 | _aGRL | ||
| 942 |
_2lcc _cB |
||
| 999 |
_c8876 _d8876 |
||